| 000 | 00484nam a2200181Ia 4500 | ||
|---|---|---|---|
| 005 | 20250326125821.0 | ||
| 008 | 250326s9999 xx 000 0 und d | ||
| 037 | _aTextbook | ||
| 040 |
_aFMSL _beng _cFMSL |
||
| 041 |
_aeng _2eng |
||
| 084 |
_aX:8D N6 _qFMSL |
||
| 100 | _aMiller E J | ||
| 245 | 0 |
_aMeaningful interpretation of ficial statements _cMiller E J |
|
| 260 |
_aNY _bNY, A M A _c1966 |
||
| 300 | _a238p | ||
| 942 |
_cTB _hX:8D N6 |
||
| 999 |
_c1279713 _d1279713 |
||